[Event "CZE Extraliga 2019-20"]
[Site "Czech Republic"]
[Date "2020.01.26"]
[Round "6.1"]
[White "Rodshtein, Maxim"]
[Black "Gelfand, Boris"]
[Result "1/2-1/2"]
[WhiteElo "2684"]
[BlackElo "2686"]
[Annotator "TA"]
[PlyCount "48"]
[EventDate "2019.09.15"]
[EventType "team-tourn"]
[EventCountry "CZE"]
[SourceTitle "playchess.com"]
[Source "ChessBase"]
[SourceQuality "1"]

{[%evp 17,48,12,21,4,19,27,30,20,26,21,27,18,15,0,0,0,0,2,0,0,0,0,0,0,0,0,10,0,25,12,22,23,31]} 1. c4 c5 2. g3 g6 3. Bg2 Bg7 4. Nc3 Nc6 5. Nf3 e5 6. O-O Nge7 7. a3 O-O 8. Rb1 d5 9. cxd5 Nxd5 10. Nxd5 {A37: Symmetrical English vs ...g6: 4 Bg2 Bg7 5 Nf3} Qxd5 11. d3 $1 e4 12. Ng5 (12. dxe4 Qxe4 13. Be3 Qe7 14. Qa4 Bd7 15. Qh4 Qxh4 16. Nxh4 Nd4 17. Bxd4 cxd4 18. Bxb7 {1-0 (66) Radjabov,T (2734)-Grischuk,A (2810) Beijing 2014}) 12... Qa2 13. Be3 exd3 14. Bxc5 $146 ({Predecessor:} 14. exd3 Rd8 15. Bxc5 Bf5 16. Ne4 Ne5 17. d4 Nc6 {½-½ (41) Martin Sanchez,C (2452)-Gritsaenko,V (2466) ICCF email 2016}) 14... Qc4 15. Qc1 Qxc1 16. Rfxc1 Rd8 17. exd3 Bf5 18. Be4 Rxd3 19. Bxf5 gxf5 20. Rc2 Bh6 21. Nh3 Rad8 22. Re1 f6 23. Kg2 Kf7 24. Ree2 Rd2 {Accuracy: White = 62%, Black = 73%.} 1/2-1/2

[Event "CZE Extraliga 2019-20"]
[Site "Czech Republic"]
[Date "2020.01.26"]
[Round "6.1"]
[White "BSS1 Korobov Anton GM"]
[Black "NOV1 Harikrishna Pentala GM"]
[Result "1/2-1/2"]
[WhiteElo "2679"]
[BlackElo "2746"]
[Annotator "TA"]
[PlyCount "96"]
[EventDate "2019.09.15"]
[EventType "team-tourn"]
[EventCountry "CZE"]
[SourceTitle "playchess.com"]
[Source "ChessBase"]
[SourceQuality "1"]

{[%evp 16,96,28,27,22,20,26,26,31,18,34,0,12,6,16,2,2,14,10,-20,0,-15,-12,-9,0,0,13,-47,0,0,0,-3,-4,-13,0,0,0,0,0,-10,-16,-21,-27,-20,-7,-27,-27,-31,-36,-36,-25,-25,-25,-25,-25,-33,0,0,0,0,0,0,0,-39,-39,-39,-39,-39,-39,-67,-8,-51,-51,-51,-8,-8,-8,-8,-8,-8,-8,-8,-8]} 1. c4 c5 2. Nf3 Nc6 3. Nc3 e6 4. g3 Nf6 5. Bg2 d5 6. cxd5 exd5 7. d4 cxd4 8. Nxd4 Bc5 9. Nb3 Bb6 {D33: Tarrasch Defence: 6 g3 sidelines} 10. O-O d4 11. Na4 O-O {White has an edge.} 12. Bf4 $146 ({Predecessor:} 12. Bg5 Re8 13. Re1 h6 14. Nxb6 axb6 15. Bxc6 bxc6 16. Bxf6 Qxf6 17. Qxd4 {1-0 (33) Carlsen,M (2872)-Dubov,D (2690) Moscow 2019}) 12... Re8 13. Nxb6 axb6 14. Qd3 Bg4 15. Rfe1 h6 16. a3 Qd7 17. Qb5 Rad8 18. Rac1 Nd5 19. Bd2 Re5 20. Qc4 Nde7 21. Bf4 ({White should play} 21. f4 $11 Be6 22. Qd3) 21... Re6 22. h3 Bf5 23. e4 dxe3 $1 24. Bxe3 Nd5 25. Qxd5 (25. Bxd5 {is interesting.} Qxd5 26. Qxd5 Rxd5 27. Kg2 Be4+ 28. f3) 25... Qxd5 26. Bxd5 Rxd5 27. g4 Bg6 28. f4 {f5 is the strong threat.} ({Much worse is} 28. Bxb6 Ne5 $17) 28... f5 29. Kf2 Rb5 30. Rc3 Bf7 31. Re2 fxg4 32. hxg4 Rg6 33. Nd4 Nxd4 34. Bxd4 {[#] Strongly threatening Rc8+.} Rxg4 35. Be5 Rd5 36. Rc8+ Kh7 37. Rc7 Bh5 38. Rec2 Rd3 39. R7c3 Rd7 40. Rc7 Be8 41. Rxd7 Bxd7 $15 {[%mdl 4096] Endgame KRB-KRB} 42. Rc1 Rg6 (42... h5 $15) 43. Rd1 (43. Rc7 $5 {[%cal Rc7d7]} Bc6 44. Bc3 $11) 43... Be6 44. Rd6 h5 45. Rxb6 {The position is equal.} h4 46. Rxb7 h3 {[#] Hoping for ...Rg2+.} 47. Rxg7+ $1 Rxg7 48. Bxg7 Kxg7 {Accuracy: White = 58%, Black = 56%.} 1/2-1/2

[Event "CZE Extraliga 2019-20"]
[Site "Czech Republic"]
[Date "2020.01.26"]
[Round "6.1"]
[White "Korobov, Anton"]
[Black "Harikrishna, Pentala"]
[Result "1/2-1/2"]
[WhiteElo "2679"]
[BlackElo "2746"]
[Annotator "TA"]
[PlyCount "96"]
[EventDate "2019.09.15"]
[EventType "team-tourn"]
[EventCountry "CZE"]
[SourceTitle "playchess.com"]
[Source "ChessBase"]
[SourceQuality "1"]

{[%evp 16,96,45,37,33,35,37,37,37,13,16,0,5,0,0,0,0,4,14,-18,-8,-4,0,-6,0,0,1,-48,0,0,-4,-4,-12,-10,0,-4,0,-2,0,-12,-10,-18,-11,-14,-15,-26,-22,-32,-31,-37,-28,-28,-28,-29,-28,-28,0,0,0,0,0,0,0,-43,-36,-36,-36,-36,-36,-64,-11,-43,-43,-43,-8,-8,-8,-8,-8,-8,-8,-8,-8]} 1. c4 c5 2. Nf3 Nc6 3. Nc3 e6 4. g3 Nf6 5. Bg2 d5 6. cxd5 exd5 7. d4 cxd4 8. Nxd4 Bc5 9. Nb3 Bb6 {D33: Tarrasch Defence: 6 g3 sidelines} 10. O-O ({Reject} 10. Bxd5 Nb4 $11) 10... d4 11. Na4 $1 O-O {White is slightly better.} 12. Bf4 $146 ({Predecessor:} 12. Bg5 Re8 13. Re1 h6 14. Nxb6 axb6 15. Bxc6 bxc6 16. Bxf6 Qxf6 17. Qxd4 {1-0 (33) Carlsen,M (2872)-Dubov,D (2690) Moscow 2019}) 12... Re8 13. Nxb6 axb6 14. Qd3 Bg4 15. Rfe1 h6 16. a3 Qd7 17. Qb5 Rad8 18. Rac1 Nd5 19. Bd2 Re5 20. Qc4 Nde7 21. Bf4 Re6 22. h3 Bf5 23. e4 dxe3 $1 24. Bxe3 Nd5 25. Qxd5 Qxd5 26. Bxd5 Rxd5 27. g4 Bg6 28. f4 ({Much weaker is} 28. Bxb6 Ne5 $17) 28... f5 29. Kf2 Rb5 30. Rc3 Bf7 31. Re2 fxg4 32. hxg4 Rg6 (32... Rf6 {keeps more tension.} 33. Nc1 Rg6 34. Kg3 Be6 35. g5 Ne7) 33. Nd4 Nxd4 34. Bxd4 {[#] Rc8+ is the strong threat.} Rxg4 35. Be5 Rd5 36. Rc8+ Kh7 37. Rc7 Bh5 38. Rec2 Rd3 39. R7c3 Rd7 (39... Bg6 {feels hotter.} 40. Rxd3 Bxd3 41. Rc7 Be4 42. f5 Rg5) 40. Rc7 Be8 41. Rxd7 Bxd7 $15 {[%mdl 4096] Endgame KRB-KRB} 42. Rc1 Rg6 (42... h5 $15) 43. Rd1 (43. Rc7 $5 {[%cal Rc7d7]} Bc6 44. Bc3 $11) 43... Be6 44. Rd6 h5 45. Rxb6 {The position is equal.} h4 46. Rxb7 h3 {[#] White must now prevent ...Rg2+.} 47. Rxg7+ $1 Rxg7 48. Bxg7 Kxg7 {Accuracy: White = 59%, Black = 68%.} 1/2-1/2

[Event "CZE Extraliga 2019-20"]
[Site "Czech Republic"]
[Date "2020.01.26"]
[Round "6.1"]
[White "Movsesian, Sergei"]
[Black "Dragnev, Valentin"]
[Result "1-0"]
[WhiteElo "2654"]
[BlackElo "2550"]
[Annotator "TA"]
[PlyCount "65"]
[EventDate "2019.09.15"]
[EventType "team-tourn"]
[EventCountry "CZE"]
[SourceTitle "playchess.com"]
[Source "ChessBase"]
[SourceQuality "1"]

{[%evp 11,65,6,14,6,13,22,18,1,25,8,33,15,29,19,11,-8,75,54,60,57,47,58,78,51,93,109,87,0,133,92,89,70,135,73,135,121,161,64,140,118,156,145,133,0,426,411,402,387,617,-79,613,613,590,586,834,827]} 1. e4 e5 2. Nf3 Nc6 3. Bc4 Nf6 4. d3 Bc5 5. Nc3 h6 6. a3 a6 7. Be3 {C50: Hungarian Defence and Giuoco Pianissimo} (7. b4 Ba7 8. h3 d6 9. Ne2 Be6 10. Bxe6 fxe6 11. Ng3 O-O 12. c3 Qe8 13. O-O Nh5 14. Nxh5 Qxh5 {½-½ (24) Svidler,P (2741)-Yu,Y (2750) Shenzhen 2017}) 7... Bxe3 8. fxe3 d6 9. O-O {The position is equal.} O-O 10. Qe1 Re8 $146 ({Predecessor:} 10... Be6 11. Nd5 Bxd5 12. exd5 Ne7 13. e4 Ng6 14. Kh1 Qe7 {0-1 (31) Styazhkina,A (2280)-Pogonina,N (2479) Sochi 2019}) 11. Qg3 Be6 12. Bxe6 Rxe6 13. Nh4 Ne8 (13... Ne7 $11) 14. Rf3 {And now Raf1 would win.} Ne7 $1 15. Raf1 Ng6 16. Nf5 c6 17. Nd1 (17. Qh3 $5 {[%cal Rf5h6]} Rf6 18. Qg4 $14) 17... b5 18. Nf2 {Ng4 is the strong threat.} Ra7 19. Ng4 (19. Qh3 $16) 19... Kh7 (19... h5 $1 $11 {keeps the balance.} 20. Nf2 Rb7) 20. d4 {Strongly threatening Nfxh6!} Nh8 21. Qh3 Rc7 (21... c5 $14) 22. c3 (22. b4 $142) 22... exd4 (22... c5 $142) 23. exd4 $16 Qg5 24. e5 (24. d5 $18 cxd5 25. exd5) 24... dxe5 (24... Ng6 $14) 25. Rg3 $36 {[%mdl 2048] Keeping Black busy.} Qd8 26. dxe5 {[#] Black must now prevent Nf6+!} Rg6 27. Nxg7 ({White should play} 27. Rd3 $16 Rd7 28. Nf2) 27... Nxg7 $4 {[%mdl 8192]} (27... Kxg7 $11 {and Black stays safe.} 28. Nxh6 Rxg3 29. Nf5+ (29. hxg3 Ng6 $11) 29... Kf8 30. hxg3 Ng6) 28. Nf6+ $18 Rxf6 29. exf6 {[%csl Gf6][%cal Rg3g7]} Ne6 (29... Ng6 $142 30. fxg7 Kxg7) 30. Qf5+ Ng6 {[#]} 31. Rxg6 $1 {[%mdl 576] Deflection, Promotion. White is clearly winning.} fxg6 32. Qxe6 Qf8 33. f7 {Accuracy: White = 41%, Black = 45%.} 1-0

[Event "CZE Extraliga 2019-20"]
[Site "Czech Republic"]
[Date "2020.01.26"]
[Round "6.1"]
[White "PAR2 Movsesian Sergei GM"]
[Black "DUR2 Dragnev Valentin GM"]
[Result "1-0"]
[WhiteElo "2654"]
[BlackElo "2550"]
[Annotator "TA"]
[PlyCount "65"]
[EventDate "2019.09.15"]
[EventType "team-tourn"]
[EventCountry "CZE"]
[SourceTitle "playchess.com"]
[Source "ChessBase"]
[SourceQuality "1"]

{[%evp 11,65,11,10,14,16,22,19,0,20,4,27,28,16,19,25,-13,86,66,75,75,54,62,56,31,93,116,89,0,145,78,92,91,96,95,132,133,168,45,144,109,151,139,143,0,424,418,406,408,653,-67,651,651,618,608,931,906]} 1. e4 e5 2. Nf3 Nc6 3. Bc4 Nf6 4. d3 Bc5 5. Nc3 h6 6. a3 a6 7. Be3 {C50: Hungarian Defence and Giuoco Pianissimo} (7. b4 Ba7 8. h3 d6 9. Ne2 Be6 10. Bxe6 fxe6 11. Ng3 O-O 12. c3 Qe8 13. O-O Nh5 14. Nxh5 Qxh5 {½-½ (24) Svidler,P (2741)-Yu,Y (2750) Shenzhen 2017}) 7... Bxe3 8. fxe3 d6 9. O-O {The position is equal.} O-O 10. Qe1 Re8 $146 ({Predecessor:} 10... Be6 11. Nd5 Bxd5 12. exd5 Ne7 13. e4 Ng6 14. Kh1 Qe7 {0-1 (31) Styazhkina,A (2280)-Pogonina,N (2479) Sochi 2019}) 11. Qg3 Be6 12. Bxe6 Rxe6 13. Nh4 Ne8 (13... Ne7 $11) 14. Rf3 Ne7 $1 15. Raf1 Ng6 16. Nf5 $1 c6 17. Nd1 b5 (17... Nf8 $14) 18. Nf2 $16 {Ng4 is the strong threat.} Ra7 19. Ng4 (19. Qh3 $16) 19... Kh7 {[#]} (19... h5 $1 $11 20. Nf2 d5) 20. d4 (20. Nfxh6 $142 $1 gxh6 21. Rxf7+ Rxf7 22. Rxf7+ Ng7 23. Qf2) 20... Nh8 21. Qh3 Rc7 22. c3 exd4 23. exd4 Qg5 24. e5 ({Better is} 24. d5 $18 cxd5 25. exd5) 24... dxe5 (24... Ng6 $14) 25. Rg3 $36 {[%mdl 2048] Black is under strong pressure.} Qd8 26. dxe5 {And now Nf6+! would win.} Rg6 27. Nxg7 (27. Rd3 $16 Rd7 28. Nf2) 27... Nxg7 $4 {[%mdl 8192]} (27... Kxg7 $11 {and Black is okay.} 28. Nxh6 Rxg3 29. Nf5+ (29. hxg3 Qg5 $11) 29... Kf8 30. hxg3 Ng6) 28. Nf6+ $18 Rxf6 29. exf6 {[%csl Gf6][%cal Rg3g7]} Ne6 (29... Ng6 $142 30. fxg7 Kxg7) 30. Qf5+ Ng6 {[#]} 31. Rxg6 $1 {[%mdl 576] Deflection, Promotion. White is clearly winning.} fxg6 32. Qxe6 Qf8 33. f7 {Accuracy: White = 50%, Black = 39%.} 1-0

[Event "CZE Extraliga 2019-20"]
[Site "Czech Republic"]
[Date "2020.01.26"]
[Round "6.1"]
[White "Michalik, Peter"]
[Black "Kociscak, Jiri"]
[Result "1-0"]
[WhiteElo "2575"]
[BlackElo "2499"]
[Annotator "TA"]
[PlyCount "51"]
[EventDate "2019.09.15"]
[EventType "team-tourn"]
[EventCountry "CZE"]
[SourceTitle "playchess.com"]
[Source "ChessBase"]
[SourceQuality "1"]

{[%evp 12,51,55,50,82,83,86,94,92,92,92,89,83,92,77,79,102,93,95,92,101,83,105,102,154,156,150,82,75,53,160,154,155,154,373,354,411,398,406,397,641,518]} 1. d4 f5 2. g3 Nf6 3. Bg2 e6 4. Nh3 Be7 5. O-O O-O 6. c4 d6 7. b3 {[#]} Ne4 $146 {A91: Classical Dutch: Early Deviations.} ({Predecessor:} 7... c6 8. Bb2 Qc7 9. Nd2 e5 10. c5 e4 11. cxd6 Bxd6 12. Nc4 Na6 13. Qc1 Be7 14. f3 Nb4 15. Nf2 exf3 16. Bxf3 {½-½ (31) Pert,N (2562)-Pert,R (2440) Coventry 2015}) 8. Bb2 Bf6 9. f3 Ng5 {White is better.} 10. Nxg5 Bxg5 11. f4 Bf6 12. Nc3 Nc6 13. e3 Qe8 14. Rf2 a6 15. Rd2 Ne7 16. Qc2 Rb8 17. Re1 e5 (17... g5 $142) 18. dxe5 $16 dxe5 19. Ba3 (19. Nd5 $142 $1 Nxd5 20. cxd5 (20. Bxd5+ Kh8 $14)) 19... e4 20. g4 g6 ({Black should play} 20... h6 $14) 21. g5 Bg7 {[#]} 22. Red1 $1 $36 {[%cal Be1d1,Bd1d7,Bd7c7][%mdl 2080] Hoping for Rd8! Black is under strong pressure.} Qf7 $2 {[#] This move loses the game for Black.} (22... Be6 $16) 23. Rd7 $1 $18 {[%cal Rd7e7][%mdl 512]} Bxd7 24. Rxd7 {[%mdl 64] Double Attack} Rfe8 25. Nd5 Rbd8 $2 (25... Bf8 26. Nf6+ {[%mdl 64] Double Attack} Kh8 27. Nxe8 Rxe8 28. Rxc7 b6 29. Qc3+ Kg8) 26. Rxc7 {Accuracy: White = 91%, Black = 49%.} ({Weaker is} 26. Rxe7 Rxe7 27. Nxe7+ Kh8 $18) 1-0

[Event "CZE Extraliga 2019-20"]
[Site "Czech Republic"]
[Date "2020.01.26"]
[Round "6.1"]
[White "UNI1 Michalik Peter GM"]
[Black "LAB1 Kociscak Jiri IM"]
[Result "1-0"]
[WhiteElo "2575"]
[BlackElo "2499"]
[Annotator "TA"]
[PlyCount "51"]
[EventDate "2019.09.15"]
[EventType "team-tourn"]
[EventCountry "CZE"]
[SourceTitle "playchess.com"]
[Source "ChessBase"]
[SourceQuality "1"]

{[%evp 12,51,53,52,69,76,99,95,106,101,88,91,92,98,97,95,98,92,96,89,96,91,94,102,165,162,156,83,74,73,158,162,138,164,445,440,452,436,434,428,641,543]} 1. d4 f5 2. g3 Nf6 3. Bg2 e6 4. Nh3 Be7 5. O-O O-O 6. c4 d6 7. b3 Ne4 {A91: Classical Dutch: Early Deviations.} 8. Bb2 Bf6 9. f3 Ng5 {White is better.} 10. Nxg5 Bxg5 11. f4 Bf6 12. Nc3 Nc6 13. e3 Qe8 14. Rf2 a6 15. Rd2 Ne7 16. Qc2 Rb8 17. Re1 e5 (17... g5 $16 {might work better.}) 18. dxe5 $18 dxe5 {[#]} 19. Ba3 (19. Nd5 $142 $1 e4 20. Bxf6 (20. Nxc7 Qc6 $18) 20... Nxd5 21. cxd5 Rxf6 22. Qxc7) 19... e4 $16 20. g4 $36 {[%mdl 2048] White is really pushing.} g6 (20... h6 $142) 21. g5 Bg7 22. Red1 {[%cal Be1d1,Bd1d7,Bd7c7][%mdl 32] Strongly threatening Rd8!} Qf7 $2 {[#]} (22... Be6) 23. Rd7 $1 $18 {[%cal Rd7e7][%mdl 512] White is clearly winning.} Bxd7 24. Rxd7 {[%mdl 64] Double Attack} Rfe8 25. Nd5 Rbd8 (25... Bf8 $142 26. Nf6+ {[%mdl 64] Double Attack} Kh8 27. Nxe8 Rxe8 28. Rxc7 b6) 26. Rxc7 {Accuracy: White = 91%, Black = 55%.} ({Weaker is} 26. Rxe7 Rxe7 27. Nxe7+ Kh8 $18) 1-0

[Event "CZE Extraliga 2019-20"]
[Site "Czech Republic"]
[Date "2020.01.26"]
[Round "6.1"]
[White "Gonda, Laszlo"]
[Black "Nabaty, Tamir"]
[Result "0-1"]
[WhiteElo "2541"]
[BlackElo "2658"]
[Annotator "TA"]
[PlyCount "94"]
[EventDate "2019.09.15"]
[EventType "team-tourn"]
[EventCountry "CZE"]
[SourceTitle "playchess.com"]
[Source "ChessBase"]
[SourceQuality "1"]

{[%evp 16,94,11,16,6,6,15,-8,10,-22,-22,-24,-18,-22,-22,-22,-11,-23,-24,-50,-65,-71,-59,-71,-71,-68,-25,-87,-88,-99,-18,-74,-81,-97,-102,-99,-99,-101,-107,-118,-92,-104,-91,-228,-109,-283,-283,-281,-285,-279,-231,-216,-197,-304,-241,-250,-250,-250,-261,-246,-243,-222,-245,-230,-222,-255,-255,-250,-237,-235,-234,-239,-236,-1022,-988,-958,-968,-919,-816,-675,-625]} 1. Nf3 d5 2. g3 g6 3. Bg2 Bg7 4. d4 c6 5. O-O Nf6 6. Nbd2 O-O 7. c4 a5 8. b3 a4 9. Bb2 Bf5 {D78: Fianchetto Grünfeld: 6 0-0 c6} 10. Nh4 (10. bxa4 Qa5 11. Qb3 Qxa4 12. Qxb7 Nbd7 13. Qb3 Rfb8 14. cxd5 cxd5 15. Qxa4 Rxa4 16. Bc3 e6 17. h3 {½-½ (31) Ding,L (2805)-Grischuk,A (2775) Stavanger 2019}) 10... Be6 11. Qc2 b5 {The position is equal.} 12. Ba3 $146 ({Predecessor:} 12. Bc3 Qb6 13. Rfb1 Qa7 14. e3 Nbd7 15. Bb4 Rfe8 16. cxb5 cxb5 17. Bf1 {1-0 (39) Gukesh,D (2529)-Gandhi,A (2156) Sharjah 2019}) 12... Na6 13. cxb5 cxb5 14. bxa4 Nb8 15. Bb2 Rxa4 16. Qd3 Qb6 17. Nb3 Nbd7 18. Rfc1 Rfa8 19. a3 {[#]} Ne4 $1 {[%mdl 512]} 20. e3 (20. Bxe4 dxe4) 20... Rb8 21. Bc3 (21. Qd1 $11) 21... Nxc3 $17 22. Qxc3 {[#]} Qa7 ({Black should try} 22... Rxa3 $1 $17 {[%mdl 512]} 23. Rxa3 b4 {[%mdl 64] Double Attack}) 23. Bf1 (23. Nf3 $11) 23... Rxa3 24. Qb4 {[%mdl 64] Double Attack} Ra4 $1 {[%cal Ra4b4]} 25. Qc3 b4 26. Rxa4 Qxa4 (26... bxc3 $2 {loses.} 27. Rxa7 Rxb3 28. Rc7 $18) 27. Qc2 {Strongly threatening Ra1.} Qa7 28. Ra1 Qb7 29. Na5 (29. Ra6 $17 {was called for.}) 29... Qb6 (29... b3 $19 {is more deadly.} 30. Qb2 Qc7 31. Nxb3 Qb6) 30. Nc6 $2 (30. Nb3 $17) 30... b3 $19 31. Qc3 b2 {...Qxc6! is the strong threat.} 32. Rb1 Rb7 33. Nxe7+ Kh8 {And now ...Bf8 would win.} 34. Nc8 (34. Bg2 $142) 34... Qc7 35. Qxc7 Rxc7 36. Nd6 {[#]} Rc2 $1 37. Bd3 Rc1+ 38. Kg2 {[#]} Rxb1 $1 39. Bxb1 Nb6 40. Nf3 Bf8 41. Nb5 Bb4 42. Ne5 Bf5 43. Nd3 Nc4 44. Nxb4 $2 (44. g4 Be4+ 45. f3 Nxe3+ 46. Kf2 Bxd3 47. Bxd3) 44... Bxb1 {Black is clearly winning.} 45. Nc3 Be4+ 46. Kf1 Na3 47. Ke2 {[#]} Nb5 $1 {[%mdl 512] Accuracy: White = 31%, Black = 67%.} 0-1

[Event "CZE Extraliga 2019-20"]
[Site "Czech Republic"]
[Date "2020.01.26"]
[Round "6.1"]
[White "KRO2 Gonda Laszlo GM"]
[Black "LYS2 Nabaty Tamir GM"]
[Result "0-1"]
[WhiteElo "2541"]
[BlackElo "2658"]
[Annotator "TA"]
[PlyCount "94"]
[EventDate "2019.09.15"]
[EventType "team-tourn"]
[EventCountry "CZE"]
[SourceTitle "playchess.com"]
[Source "ChessBase"]
[SourceQuality "1"]

{[%evp 16,94,17,5,16,10,6,0,13,-12,-17,-12,-12,-16,-15,-20,-20,-22,-13,-51,-59,-51,-53,-63,-57,-57,0,-102,-106,-100,-26,-79,-73,-106,-103,-113,-113,-106,-107,-120,-84,-105,-109,-226,-118,-279,-282,-278,-273,-277,-193,-221,-194,-310,-255,-252,-259,-256,-256,-260,-243,-233,-241,-240,-231,-258,-250,-244,-243,-245,-235,-254,-252,-812,-806,-770,-765,-752,-506,-486,-477]} 1. Nf3 d5 2. g3 g6 3. Bg2 Bg7 4. d4 c6 5. O-O Nf6 6. Nbd2 O-O 7. c4 a5 8. b3 a4 9. Bb2 Bf5 {D78: Fianchetto Grünfeld: 6 0-0 c6.} 10. Nh4 Be6 11. Qc2 b5 {The position is equal.} 12. Ba3 Na6 13. cxb5 cxb5 14. bxa4 Nb8 15. Bb2 Rxa4 16. Qd3 Qb6 17. Nb3 Nbd7 18. Rfc1 Rfa8 19. a3 {[#]} Ne4 $1 {[%mdl 512]} 20. e3 (20. Bxe4 dxe4) 20... Rb8 ({Black should try} 20... Qb8 $15 21. Qd1 Nd6) 21. Bc3 (21. Qd1 $11) 21... Nxc3 $17 22. Qxc3 {[#]} Qa7 (22... Rxa3 $1 $17 {[%mdl 512] Hoping for ...b4.} 23. Rxa3 b4 {[%mdl 64] Double Attack}) 23. Bf1 (23. Nf3 $11) 23... Rxa3 24. Qb4 {[%mdl 64] Double Attack} Ra4 $1 {[%cal Ra4b4]} 25. Qc3 b4 26. Rxa4 Qxa4 (26... bxc3 $2 {perishes.} 27. Rxa7 Rxb3 28. Rc7 $18) 27. Qc2 {Black must now prevent Ra1.} Qa7 28. Ra1 Qb7 $1 29. Na5 (29. Ng2 $17) 29... Qb6 ({Better is} 29... b3 $19 30. Qb2 Qb6) 30. Nc6 $2 (30. Nb3 $17 {was necessary.}) 30... b3 $19 31. Qc3 b2 32. Rb1 Rb7 33. Nxe7+ Kh8 {aiming for ...Bf8.} 34. Nc8 (34. Bg2 $142) 34... Qc7 35. Qxc7 Rxc7 36. Nd6 Rc2 $1 37. Bd3 Rc1+ 38. Kg2 {[#]} Rxb1 $1 39. Bxb1 Nb6 40. Nf3 Bf8 41. Nb5 Bb4 42. Ne5 Bf5 43. Nd3 {[#]} Nc4 $1 44. Nxb4 $2 (44. g4 Be4+ 45. f3 Nxe3+ 46. Kf2 Bxd3 47. Bxd3) 44... Bxb1 {Black is clearly winning.} 45. Nc3 Be4+ 46. Kf1 Na3 47. Ke2 {[#]} Nb5 $1 {[%mdl 512] Accuracy: White = 61%, Black = 75%.} 0-1

[Event "CZE Extraliga 2019-20"]
[Site "Czech Republic"]
[Date "2020.01.26"]
[Round "6.2"]
[White "NOV2 Wojtaszek Radoslaw GM"]
[Black "BSS2 Azarov Sergei GM"]
[Result "1/2-1/2"]
[WhiteElo "2739"]
[BlackElo "2586"]
[Annotator "TA"]
[PlyCount "46"]
[EventDate "2019.09.15"]
[EventType "team-tourn"]
[EventCountry "CZE"]
[SourceTitle "playchess.com"]
[Source "ChessBase"]
[SourceQuality "1"]

{[%evp 13,46,18,10,10,17,17,22,25,14,18,23,24,9,10,19,5,6,9,12,19,19,0,0,0,0,0,14,0,0,0,0,-7,0,0,0]} 1. d4 Nf6 2. c4 e6 3. g3 d5 4. Bg2 Bb4+ 5. Nd2 O-O 6. Ngf3 b6 7. O-O Bb7 8. b3 {E16: Queen's Indian: 4 g3 Bb7 5 Bg2 Bb4+} Re8 9. Bb2 Nbd7 10. Rc1 a5 11. Qc2 $146 ({Predecessor:} 11. cxd5 exd5 12. Nb1 Bd6 13. Nc3 c6 14. Re1 h6 15. Nh4 Bb4 {1-0 (43) Ding,L (2777)-Le,Q (2737) Huaian 2017}) 11... dxc4 12. Nxc4 Be4 13. Qd1 {The position is equal.} Bf8 14. Nfe5 Bxg2 15. Kxg2 Nxe5 16. Nxe5 a4 17. Qd3 axb3 18. axb3 Ra2 19. Rc2 c5 20. dxc5 bxc5 21. Qxd8 Rxd8 22. Nd3 {[#] And now Bxf6 would win.} Nd5 23. Ra1 Rxa1 {Accuracy: White = 63%, Black = 55%.} 1/2-1/2